000 01198cam a2200253 4500
001 WB4019-18
008 040520n2004 000 0 eng u
035 _a(Sirsi) u126242
245 _a£1.3m boost to encourage enterprise
260 _c2004
490 _aDTI Press Release
_v(P/2004/194) 19 May 2004 (3)
520 _aSix housing asociations in the northeast, Humber and Yorkshire are to receive support from the Phoenix Fund which promotes enterprise in disadvantaged areas. The projects will provide £1.35m of aid over two years for start-ups, existing small businesses and social enterprises. They will be centred on the government's designated Enterprise Areas within Gloucester/Cheltenham, Newcastle, Hartlepool, Sunderland, Halifax and Bradford/Leeds. For the DTI press release: http://213.38.88.204/gnn/national.nsf/TI/CC43D72B2 66ADFB580256E99003D167A?opendocument
590 _aWB
590 _aWB
650 _aENTERPRISE INITIATIVE
650 _aENTERPRISE AREAS
650 _aPHOENIX FUND
650 _aHOUSING ASSOCIATIONS
650 _aSMALL BUSINESSES
650 _aLOCAL COMMUNITIES
650 _aBUSINESS START-UPS
690 _aREGENERATION
942 _n0
999 _c117379
_d117379